Loading...
| Literature - British | 0 | 4 | 0 | 1 | 40 | 51 | 117.25 | 0 | 1 | 8.24 | 20.00 |
| Literature - World | 0 | 3 | 0 | 1 | 30 | 77 | 116.67 | 1 | 1 | 6.45 | 15.56 |
| Fine Arts - Classical Music | 0 | 3 | 0 | 0 | 30 | 99 | 108.67 | 1 | 3 | 5.42 | 26.67 |
| Philosophy | 0 | 3 | 0 | 0 | 30 | 52 | 82.67 | 1 | 2 | 10.44 | 20.00 |
| Mythology | 0 | 3 | 1 | 1 | 25 | 91 | 114.67 | 0 | 0 | 2.44 | 8.89 |
| Literature - European | 0 | 2 | 0 | 0 | 20 | 122 | 123.50 | 0 | 1 | 3.54 | 6.67 |
| Science - Chemistry | 0 | 2 | 0 | 0 | 20 | 27 | 64.50 | 1 | 1 | 9.07 | 13.33 |
| Fine Arts - Other | 0 | 2 | 0 | 0 | 20 | 95 | 109.50 | 0 | 1 | 2.93 | 11.11 |
| History - Other | 0 | 2 | 1 | 0 | 15 | 91 | 114.00 | 0 | 1 | 3.94 | 11.11 |
| Current Events | 0 | 1 | 0 | 0 | 10 | 17 | 17.00 | 1 | 1 | 28.94 | 33.33 |
| Fine Arts - Painting and Sculpture | 0 | 1 | 0 | 0 | 10 | 102 | 102.00 | 0 | 1 | 2.19 | 6.67 |
| History - European | 0 | 1 | 0 | 0 | 10 | 101 | 101.00 | 0 | 1 | 2.48 | 6.67 |
| Literature - American | 0 | 1 | 0 | 0 | 10 | 69 | 69.00 | 1 | 1 | 5.63 | 11.11 |
| Science - Biology | 0 | 1 | 0 | 1 | 10 | 108 | 108.00 | 0 | 0 | 0.00 | 2.22 |
| Science - Physics | 0 | 0 | 1 | 0 | -5 | 0.00 | 0 | 0 | 0.00 | 0.00 | |
| Other Academic | 0 | 0 | 1 | 0 | -5 | 0.00 | 0 | 0 | 0.00 | 0.00 | |
| Religion | 0 | 0 | 1 | 0 | -5 | 0.00 | 0 | 0 | 0.00 | 0.00 |